The Gower Assessment And Development Centre (Record no. 41222)

MARC details
000 -LEADER
fixed length control field 00385nam a2200133Ia 4500
008 - FIXED-LENGTH DATA ELEMENTS--GENERAL INFORMATION
fixed length control field 240719s9999 xx 000 0 und d
041 ## - LANGUAGE CODE
Language code of text/sound track or separate title eng
082 ## - DEWEY DECIMAL CLASSIFICATION NUMBER
Classification number 658.3124 HAY
100 ## - MAIN ENTRY--PERSONAL NAME
Personal name Hay Julie
245 ## - TITLE STATEMENT
Title The Gower Assessment And Development Centre
260 ## - PUBLICATION, DISTRIBUTION, ETC.
Place of publication, distribution, etc. Mumbai:
Name of publisher, distributor, etc. Bookland International
Date of publication, distribution, etc. 2010
300 ## - PHYSICAL DESCRIPTION
Extent 279.; P. 24 Cm
520 ## - SUMMARY, ETC.
Summary, etc. Gifted By : IMT Faculty Dr.senthil kumar
Holdings
Withdrawn status Lost status Damaged status Not for loan Home library Current library Shelving location Date acquired Full call number Barcode Date last seen Price effective from Koha item type Public note
        IMTN IMTN Rack 26-A 05/17/2023 658.3124 HAY 32917 07/19/2024 07/19/2024 Books Gifted
Designed & Maintained by: LRC IMT Nagpur Contact: lrc@imtnag.ac.in© 2024. All Rights Reserved.